000 00436cam a2200145 4500500
005 20251228050802.0
041 _afre
042 _adc
100 1 0 _aSchérer, René
_eauthor
245 0 0 _aPar un ancien fervent de la marche
260 _c2018.
500 _a12
786 0 _nChimères | 93 | 1 | 2018-11-19 | p. 68-77 | 0986-6035
856 4 1 _uhttps://shs.cairn.info/revue-chimeres-2018-1-page-68?lang=fr&redirect-ssocas=7080
999 _c1581077
_d1581077